LIBRARY ONLINE CATALOGUE

Is christianity good for the world? / (Record no. 9955)

MARC details
000 -LEADER
fixed length control field 00659nam a22002172 4500
001 - CONTROL NUMBER
control field 0000023741
005 - DATE AND TIME OF LATEST TRANSACTION
control field 20151217152248.0
008 - FIXED-LENGTH DATA ELEMENTS--GENERAL INFORMATION
fixed length control field 130320s xx 000 0 eng d
020 ## - INTERNATIONAL STANDARD BOOK NUMBER
International Standard Book Number 1591280538 :
040 ## - CATALOGING SOURCE
Original cataloging agency KABU
Transcribing agency KABU
100 1# - MAIN ENTRY--PERSONAL NAME
Personal name Hitchens, Christopher.
-- 0000145460
245 10 - TITLE STATEMENT
Title Is christianity good for the world? /
Statement of responsibility, etc. Christopher Hitchens, Douglas Wilson.
250 ## - EDITION STATEMENT
Edition statement 1st ed.
260 ## - PUBLICATION, DISTRIBUTION, ETC. (IMPRINT)
Place of publication, distribution, etc. Moscow :
Name of publisher, distributor, etc. Canopress,
Date of publication, distribution, etc. 2008.
300 ## - PHYSICAL DESCRIPTION
Extent 67 p.
650 #0 - SUBJECT ADDED ENTRY--TOPICAL TERM
Topical term or geographic name as entry element Christianity and atheism.
-- 0000183432
700 1# - ADDED ENTRY--PERSONAL NAME
Personal name Wilson, Douglas.
-- 0000183433
852 1# - LOCATION
-- p300 KES
908 ## - PUT COMMAND PARAMETER (RLIN)
Put command parameter 130320
950 ## - LOCAL HOLDINGS (RLIN)
-- 1
Holdings
Withdrawn status Lost status Source of classification or shelving scheme Not for loan Home library Current library Date acquired Total Checkouts Full call number Barcode Date last seen Price effective from Koha item type
    Library of Congress Classification   Kabarak, Main Campus Kabarak, Main Campus 17/12/2015   BR128 .A8H58 2008 c.1 014653 02/08/2024 17/12/2015 General Collection